[Event "Reykjavik op"]
[Site "Reykjavik"]
[Date "2024.03.19"]
[Round "7"]
[White "Larkin, Ben L"]
[Black "Dyshliuk, Fedir"]
[Result "1-0"]
[WhiteElo "1914"]
[BlackElo "1740"]
[PlyCount "77"]
[EventDate "2024.03.15"]
[EventType "swiss"]
[EventRounds "9"]
[EventCountry "ISL"]
[SourceTitle "CB13_2024"]
[SourceDate "2024.03.27"]
[SourceVersion "1"]
[SourceVersionDate "2024.03.27"]
[SourceQuality "1"]

1. e4 c6 2. d4 d5 3. e5 c5 4. Nf3 Bg4 5. dxc5 e6 6. Be3 Nc6 7. c3 Bxf3 8. Qxf3 Nxe5 9. Bb5+ Nc6 10. c4 Nf6 11. Nc3 Be7 12. 0-0-0 0-0 13. cxd5 exd5 14. Nxd5 Nxd5 15. Rxd5 Qa5 16. Bc4 Bf6 17. Rf5 Qb4 18. Bb3 Nd4 19. Bxd4 Qxd4 20. Qc3 Qxc3+ 21. bxc3 Bxc3 22. Rd1 Rac8 23. Rd7 b6 24. Rfxf7 Rxf7 25. Rxf7 Kh8 26. Be6 Ra8 27. c6 Be5 28. c7 Bxc7 29. Rxc7 a6 30. Rc8+ Rxc8+ 31. Bxc8 a5 32. a4 Kg8 33. Kc2 Kf8 34. Kc3 Ke7 35. Kc4 Kd6 36. Bf5 h6 37. Kb5 Kc7 38. Be4 g5 39. g4 1-0

[Event "Hastings Masters op"]
[Site "Hastings"]
[Date "2024.01.02"]
[Round "6"]
[White "Batchelor, Paul A"]
[Black "Larkin, Ben L"]
[Result "0-1"]
[WhiteElo "1937"]
[BlackElo "1814"]
[PlyCount "136"]
[EventDate "2023.12.28"]
[EventType "swiss"]
[EventRounds "9"]
[EventCountry "ENG"]
[SourceTitle "CB02_2024"]
[SourceDate "2024.01.10"]
[SourceVersion "1"]
[SourceVersionDate "2024.01.10"]
[SourceQuality "1"]

1. d4 Nf6 2. c4 g6 3. Nc3 d5 4. cxd5 Nxd5 5. e4 Nxc3 6. bxc3 Bg7 7. Be3 c5 8. Qd2 0-0 9. Nf3 Qa5 10. Rc1 Bg4 11. d5 Bxf3 12. gxf3 Nd7 13. c4 Qxd2+ 14. Kxd2 b6 15. Be2 e6 16. h4 exd5 17. cxd5 h6 18. Rhg1 Kh7 19. Bb5 Rad8 20. Bxd7 Rxd7 21. h5 g5 22. a4 f5 23. Ke2 Re8 24. Rc4 Rde7 25. d6 Rd7 26. Rd1 f4 27. Bd2 Re6 28. Bc3 Rexd6 29. Rxd6 Rxd6 30. e5 Rd5 31. Re4 Kg8 32. e6 Rd8 33. e7 Re8 34. Bxg7 Kxg7 35. Re6 Kf7 36. Rxh6 Rxe7+ 37. Kd3 Rd7+ 38. Kc3 Kg8 39. Rc6 Rh7 40. h6 Rd7 41. a5 Rb7 42. a6 Rd7 43. Rc8+ Kh7 44. Rb8 Kxh6 45. Rb7 Rg7 46. Kd3 Kg6 47. Ke4 Kf6 48. Kd5 Re7 49. Kd6 Re6+ 50. Kd5 Re7 51. Kd6 Rf7 52. Kd5 Kg6 53. Ke6 Rf6+ 54. Kd5 Rf7 55. Ke6 Rg7 56. Kd5 Kf6 57. Kc4 Re7 58. Kd5 Rf7 59. Kc4 Ke6 60. Rb8 Rc7 61. Rg8 b5+ 62. Kxb5 c4 63. Rxg5 c3 64. Rg1 c2 65. Rc1 Kd5 66. Kb4 Kd4 67. Kb3 Kd3 68. Kb2 Kd2 0-1

[Event "Hastings Masters op"]
[Site "Hastings"]
[Date "2023.12.30"]
[Round "3"]
[White "Kim, Sumin"]
[Black "Larkin, Ben L"]
[Result "0-1"]
[WhiteElo "1358"]
[BlackElo "1814"]
[PlyCount "74"]
[EventDate "2023.12.28"]
[EventType "swiss"]
[EventRounds "9"]
[EventCountry "ENG"]
[SourceTitle "CB02_2024"]
[SourceDate "2024.01.10"]
[SourceVersion "1"]
[SourceVersionDate "2024.01.10"]
[SourceQuality "1"]

1. d4 Nf6 2. c4 g6 3. Nc3 d5 4. Nf3 Bg7 5. Bg5 Ne4 6. cxd5 Nxg5 7. Nxg5 e6 8. Qd2 exd5 9. Qe3+ Kf8 10. Qf4 Bf6 11. h4 c6 12. e4 h6 13. Nxf7 Kxf7 14. e5 Re8 15. 0-0-0 Kg7 16. exf6+ Qxf6 17. Qxf6+ Kxf6 18. Be2 b6 19. Rhe1 Be6 20. Rd3 Bf5 21. Rf3 Kg7 22. Rg3 Nd7 23. Kd2 Nf6 24. b4 Ne4+ 25. Nxe4 Rxe4 26. Bd3 Rxd4 27. Kc3 Rxd3+ 28. Rxd3 Bxd3 29. Kxd3 Kf7 30. g4 Re8 31. Rxe8 Kxe8 32. Kd4 Ke7 33. b5 cxb5 34. Kxd5 b4 35. f4 a5 36. Kc4 h5 37. g5 Ke6 0-1

[Event "Hastings Masters op"]
[Site "Hastings"]
[Date "2023.12.29"]
[Round "2"]
[White "Larkin, Ben L"]
[Black "Hng, Mei Xian Eunice"]
[Result "0-1"]
[WhiteElo "1814"]
[BlackElo "2014"]
[PlyCount "84"]
[EventDate "2023.12.28"]
[EventType "swiss"]
[EventRounds "9"]
[EventCountry "ENG"]
[SourceTitle "CB02_2024"]
[SourceDate "2024.01.10"]
[SourceVersion "1"]
[SourceVersionDate "2024.01.10"]
[SourceQuality "1"]

1. e4 Nf6 2. e5 Nd5 3. d4 d6 4. Nf3 g6 5. c4 Nb6 6. exd6 cxd6 7. h3 Bg7 8. Be2 0-0 9. 0-0 Nc6 10. Nc3 Bf5 11. Be3 d5 12. c5 Nc4 13. Bxc4 dxc4 14. Qd2 Bd3 15. Rfd1 Nxd4 16. Ne1 Qc7 17. Nxd3 cxd3 18. Qxd3 Rfd8 19. Nb5 Nxb5 20. Qxb5 Be5 21. Rac1 Rxd1+ 22. Rxd1 Rd8 23. Rxd8+ Qxd8 24. g3 Qb8 25. Kg2 Kg7 26. b3 Qc7 27. a4 a6 28. Qe2 Qc6+ 29. Qf3 f5 30. b4 Kf6 31. b5 axb5 32. a5 Ke6 33. Qxc6+ bxc6 34. Kf3 Kd5 35. Ke2 Kc4 36. a6 Bb8 37. Kd2 Kb4 38. Bg5 e6 39. Kc2 Ka5 40. Bf4 Ba7 41. Bd6 Kxa6 42. Kb3 Kb7 0-1

[Event "GBR-ch Major op 109th"]
[Site "Leicester"]
[Date "2023.07.24"]
[Round "3"]
[White "Dayal, Samar"]
[Black "Larkin, Ben L"]
[Result "1-0"]
[WhiteElo "1433"]
[BlackElo "1850"]
[PlyCount "51"]
[EventDate "2023.07.22"]
[EventType "swiss"]
[EventRounds "9"]
[EventCountry "ENG"]
[SourceTitle "EXT 2024"]
[Source "ChessBase"]
[SourceDate "2023.10.10"]
[SourceVersion "1"]
[SourceVersionDate "2023.10.10"]
[SourceQuality "1"]

1. e4 c6 2. d4 d5 3. exd5 cxd5 4. c4 Nf6 5. Nc3 Nc6 6. Nf3 Bg4 7. cxd5 Nxd5 8. Qb3 Bxf3 9. gxf3 e6 10. Qxb7 Nxd4 11. Bb5+ Nxb5 12. Qc6+ Ke7 13. Qxb5 Qd7 14. Nxd5+ Qxd5 15. Bg5+ f6 16. Qxd5 exd5 17. Be3 Ke6 18. 0-0-0 Bb4 19. Rd3 Rhc8+ 20. Kb1 Bc5 21. Re1 Kd6 22. Bf4+ Kc6 23. Rc1 Kb6 24. Rb3+ Ka6 25. Rbc3 Kb6 26. Rxc5 1-0

[Event "GBR-ch Major op 109th"]
[Site "Leicester"]
[Date "2023.07.22"]
[Round "1"]
[White "Bennett, Max"]
[Black "Larkin, Ben L"]
[Result "1-0"]
[WhiteElo "1583"]
[BlackElo "1850"]
[PlyCount "81"]
[EventDate "2023.07.22"]
[EventType "swiss"]
[EventRounds "9"]
[EventCountry "ENG"]
[SourceTitle "EXT 2024"]
[Source "ChessBase"]
[SourceDate "2023.10.10"]
[SourceVersion "1"]
[SourceVersionDate "2023.10.10"]
[SourceQuality "1"]

1. e4 c6 2. d4 d5 3. Nc3 dxe4 4. Nxe4 Nf6 5. Nxf6+ exf6 6. c3 Bd6 7. Bd3 0-0 8. Qc2 Re8+ 9. Ne2 h5 10. Be3 Nd7 11. 0-0-0 Nf8 12. h3 Be6 13. Kb1 b5 14. Nf4 Bxf4 15. Bxf4 Qd5 16. b3 a5 17. c4 Qd7 18. cxb5 a4 19. bxa4 cxb5 20. Bxb5 Qb7 21. Qc6 Qa7 22. Qc7 Qxc7 23. Bxc7 Rec8 24. Rc1 Bf5+ 25. Ka1 Ne6 26. Bb6 Nf4 27. a5 Nd3 28. Bxd3 Bxd3 29. Kb2 Re8 30. Rhe1 Rac8 31. Rxc8 Rxc8 32. Rd1 Be4 33. f3 Bd5 34. a3 g6 35. Rd2 f5 36. Re2 Be6 37. a4 Kg7 38. Re5 Kf6 39. a6 Rc6 40. a5 Bc8 41. a7 1-0

[Event "South Wales op 18th"]
[Site "Bridgend"]
[Date "2023.07.11"]
[Round "8"]
[White "Larkin, Ben L"]
[Black "Di Vetta, Andrew"]
[Result "0-1"]
[WhiteElo "1850"]
[BlackElo "1634"]
[PlyCount "72"]
[EventDate "2023.07.07"]
[EventType "swiss"]
[EventRounds "9"]
[EventCountry "WLS"]
[SourceTitle "CBM 215 Extra"]
[Source "ChessBase"]
[SourceDate "2023.09.30"]
[SourceVersion "1"]
[SourceVersionDate "2023.09.30"]
[SourceQuality "1"]

1. e4 c5 2. Nf3 d6 3. d4 cxd4 4. Qxd4 Nc6 5. Bb5 Bd7 6. Bxc6 Bxc6 7. Nc3 Nf6 8. Bg5 Qa5 9. 0-0-0 0-0-0 10. Rhe1 Nd7 11. Be3 Kb8 12. Qc4 e6 13. Nd4 Rc8 14. Ndb5 Nb6 15. Bxb6 Qxb6 16. Rd2 Be7 17. f4 Rhd8 18. Red1 d5 19. exd5 exd5 20. Qd4 Qxd4 21. Nxd4 Bf6 22. g3 g6 23. Nxc6+ bxc6 24. Re2 Re8 25. Rde1 Rxe2 26. Rxe2 Kc7 27. Kd2 Kd7 28. Na4 Rb8 29. b3 Kd6 30. Kd3 h5 31. h4 c5 32. c3 Rb7 33. Re1 Re7 34. Rxe7 Bxe7 35. Nb2 Ke6 36. Nd1 Bf6 0-1

[Event "South Wales op 18th"]
[Site "Bridgend"]
[Date "2023.07.07"]
[Round "2"]
[White "Larkin, Ben L"]
[Black "Belochkin, David"]
[Result "1-0"]
[WhiteElo "1850"]
[BlackElo "1130"]
[PlyCount "51"]
[EventDate "2023.07.07"]
[EventType "swiss"]
[EventRounds "9"]
[EventCountry "WLS"]
[SourceTitle "CBM 215 Extra"]
[Source "ChessBase"]
[SourceDate "2023.09.30"]
[SourceVersion "1"]
[SourceVersionDate "2023.09.30"]
[SourceQuality "1"]

1. e4 e5 2. Nf3 d6 3. d4 exd4 4. Nxd4 Nf6 5. Nc3 g6 6. Be3 Bg7 7. Qd2 b6 8. Bb5+ Bd7 9. 0-0-0 c6 10. Be2 b5 11. f3 b4 12. Nb1 a5 13. g4 h6 14. h4 Bxg4 15. fxg4 Nxe4 16. Qe1 Qf6 17. Rf1 Qe5 18. Bf4 Qf6 19. Bb5 d5 20. g5 hxg5 21. hxg5 Qd8 22. Nxc6 Qb6 23. Rxd5 0-0 24. Ne7+ Kh7 25. Qh4+ Bh6 26. Qxh6# 1-0

[Event "Daventry 4NCL op-A 30th"]
[Site "Daventry"]
[Date "2023.06.17"]
[Round "2"]
[White "Larkin, Ben L"]
[Black "Finn, Peter"]
[Result "0-1"]
[WhiteElo "1840"]
[BlackElo "2196"]
[PlyCount "72"]
[EventDate "2023.06.16"]
[EventType "swiss"]
[EventRounds "5"]
[EventCountry "ENG"]
[SourceTitle "CBM 214 Extra"]
[Source "ChessBase"]
[SourceDate "2023.07.31"]
[SourceVersion "1"]
[SourceVersionDate "2023.07.31"]
[SourceQuality "1"]

1. e4 c5 2. Nc3 Nc6 3. Nf3 e6 4. d4 cxd4 5. Nxd4 Nf6 6. Nxc6 bxc6 7. e5 Nd5 8. Ne4 Qc7 9. f4 Qb6 10. c4 Ne3 11. Qd3 Nf5 12. g4 Nd4 13. Nd6+ Bxd6 14. exd6 c5 15. Bg2 Bb7 16. Bxb7 Qxb7 17. 0-0 0-0 18. b3 f5 19. Bb2 fxg4 20. Bxd4 cxd4 21. Qxd4 Rf5 22. Rae1 Raf8 23. Re5 h5 24. Rxf5 Rxf5 25. c5 Rd5 26. Qc3 Qb5 27. b4 Qe2 28. Qe1 Qxa2 29. Qe4 Rd2 30. f5 Re2 31. fxe6 Rxe4 32. exd7 Re2 33. d8Q+ Kh7 34. Qa8 Qd2 35. Kh1 Rxh2+ 36. Kg1 Re2 0-1

[Event "Daventry 4NCL op-A 30th"]
[Site "Daventry"]
[Date "2023.06.16"]
[Round "1"]
[White "Larkin, Ben L"]
[Black "Hertog, Alexander"]
[Result "1-0"]
[WhiteElo "1840"]
[BlackElo "1645"]
[PlyCount "53"]
[EventDate "2023.06.16"]
[EventType "swiss"]
[EventRounds "5"]
[EventCountry "ENG"]
[SourceTitle "CBM 214 Extra"]
[Source "ChessBase"]
[SourceDate "2023.07.31"]
[SourceVersion "1"]
[SourceVersionDate "2023.07.31"]
[SourceQuality "1"]

1. e4 c6 2. Nc3 d5 3. Nf3 dxe4 4. Nxe4 Nd7 5. Bc4 e6 6. d4 Ngf6 7. Nxf6+ Nxf6 8. Qe2 Nd5 9. c3 Bd6 10. 0-0 0-0 11. Bg5 Qc7 12. g3 h6 13. Bd2 c5 14. Bd3 b6 15. Qe4 Nf6 16. Qh4 Nh7 17. dxc5 bxc5 18. Rad1 f5 19. Qc4 Nf6 20. Bxf5 Nd5 21. Be4 Kh8 22. Qe2 Qb6 23. c4 Ba6 24. b3 Rae8 25. Nh4 Kg8 26. Ng6 Rf7 27. Bxd5 1-0

[Event "Birmingham op"]
[Site "Birmingham"]
[Date "2022.11.19"]
[Round "2"]
[White "Zakarian, Dimitrios Levon"]
[Black "Larkin, Ben L"]
[Result "1-0"]
[WhiteElo "2015"]
[BlackElo "2103"]
[PlyCount "59"]
[EventDate "2022.11.19"]
[EventType "swiss"]
[EventRounds "5"]
[EventCountry "ENG"]
[SourceTitle "CBM 211 Extra"]
[Source "ChessBase"]
[SourceDate "2023.01.31"]
[SourceVersion "1"]
[SourceVersionDate "2023.01.31"]
[SourceQuality "1"]

1. d4 Nf6 2. c4 g6 3. h4 h5 4. Nc3 d5 5. Bg5 c6 6. e3 Ne4 7. Nxe4 dxe4 8. Ne2 Bg7 9. Nc3 c5 10. d5 Qb6 11. Qb3 Bf5 12. Be2 Qxb3 13. axb3 e5 14. dxe6 Bxc3+ 15. bxc3 Bxe6 16. 0-0 0-0 17. f3 Bf5 18. Be7 Rc8 19. g4 hxg4 20. fxg4 Bd7 21. Rf4 b6 22. Bd6 f5 23. gxf5 gxf5 24. Bf1 Nc6 25. Bh3 Na5 26. Bxf5 Bxf5 27. Rxf5 Nxb3 28. Ra2 Kh7 29. Rg2 Kh6 30. Bf4+ 1-0

[Event "Newcastle Northumbria Masters"]
[Site "Newcastle on Tyne"]
[Date "2022.08.28"]
[Round "4"]
[White "Larkin, Ben L"]
[Black "Liu, Tianyi"]
[Result "1/2-1/2"]
[WhiteElo "1872"]
[BlackElo "1600"]
[PlyCount "53"]
[EventDate "2022.08.26"]
[EventType "swiss"]
[EventRounds "9"]
[EventCountry "ENG"]
[SourceTitle "CBM 210 Extra"]
[Source "ChessBase"]
[SourceDate "2022.11.30"]
[SourceVersion "1"]
[SourceVersionDate "2022.11.30"]
[SourceQuality "1"]

1. Nf3 Nf6 2. g3 g6 3. Bg2 Bg7 4. 0-0 0-0 5. c4 d5 6. d4 dxc4 7. Na3 c3 8. bxc3 c5 9. e3 Nc6 10. Qe2 Bf5 11. Nc4 Ne4 12. Bb2 b5 13. Nfd2 bxc4 14. Nxe4 cxd4 15. cxd4 Rc8 16. Rfd1 Nb4 17. Nc5 Nd3 18. Nxd3 Bxd3 19. Qd2 Qd7 20. Bf1 Bxf1 21. Kxf1 Rc7 22. Rac1 Rfc8 23. Ba3 e6 24. Rc3 Bf8 25. Rdc1 Qd5 26. Bxf8 Kxf8 27. Kg1 1/2-1/2

[Event "Leamington Spa 4NCL op-A 28th"]
[Site "Leamington Spa"]
[Date "2022.07.10"]
[Round "5"]
[White "Ther, Mate T"]
[Black "Larkin, Ben L"]
[Result "1/2-1/2"]
[WhiteElo "1966"]
[BlackElo "1840"]
[PlyCount "87"]
[EventDate "2022.07.08"]
[EventType "swiss"]
[EventRounds "5"]
[EventCountry "ENG"]
[SourceTitle "CBM 209 Extra"]
[Source "ChessBase"]
[SourceDate "2022.09.30"]
[SourceVersion "1"]
[SourceVersionDate "2022.09.30"]
[SourceQuality "1"]

1. e4 c6 2. d4 d5 3. Nc3 dxe4 4. Nxe4 Nf6 5. Nxf6+ exf6 6. c3 Bd6 7. Bd3 0-0 8. Qc2 Re8+ 9. Ne2 h5 10. Be3 Nd7 11. 0-0-0 b5 12. Kb1 Nb6 13. Ng3 Nd5 14. Bc1 Be6 15. Ne4 a5 16. h3 a4 17. Bd2 Nf4 18. Nxd6 Qxd6 19. Bxf4 Qxf4 20. Rhe1 f5 21. Re5 g6 22. Rde1 Bd7 23. g3 Qf3 24. Rxe8+ Rxe8 25. Rxe8+ Bxe8 26. Qe2 Qh1+ 27. Qf1 Qd5 28. f3 Bd7 29. Bc2 Be6 30. b3 Qd6 31. Qe1 Qa3 32. Qc1 Qd6 33. bxa4 Qxg3 34. axb5 Qxf3 35. b6 Qd5 36. Bb3 Qb5 37. Qb2 Bc8 38. a4 Qa6 39. Bd1 f4 40. Be2 Qa8 41. Bf3 Qa6 42. Be2 Qa8 43. Bf3 Qa6 44. Be2 1/2-1/2

[Event "ENG-ch Chessable"]
[Site "Kenilworth"]
[Date "2022.05.22"]
[Round "7"]
[White "Wadsworth, Matthew J"]
[Black "Larkin, Ben L"]
[Result "1-0"]
[WhiteElo "2432"]
[BlackElo "1853"]
[PlyCount "105"]
[EventDate "2022.05.19"]
[EventType "swiss"]
[EventRounds "7"]
[EventCountry "ENG"]
[SourceTitle "CBM 208 Extra"]
[Source "ChessBase"]
[SourceDate "2022.07.31"]
[SourceVersion "1"]
[SourceVersionDate "2022.07.31"]
[SourceQuality "1"]

1. c4 e5 2. g3 Nf6 3. Bg2 d5 4. cxd5 Nxd5 5. Nc3 Nb6 6. Nf3 Nc6 7. 0-0 Be7 8. a3 0-0 9. b4 Be6 10. Rb1 f6 11. d3 a5 12. b5 Nd4 13. Nd2 Qc8 14. e3 Nf5 15. Qc2 Rd8 16. Rd1 Kh8 17. Nc4 Nxc4 18. dxc4 Bxc4 19. Rxd8+ Bxd8 20. a4 c6 21. bxc6 bxc6 22. Ba3 Be7 23. Bxe7 Nxe7 24. Ne4 Bd5 25. Qc5 Rb8 26. Rd1 Qb7 27. Qxa5 Ra8 28. Qc3 Qb3 29. Qxb3 Bxb3 30. Rd7 Ng6 31. Nc5 Nf8 32. Rd3 Bc4 33. Rd6 Bd5 34. e4 Bf7 35. Bf1 Be8 36. Ba6 Kg8 37. Bc4+ Bf7 38. Ba6 Be8 39. Bc4+ Bf7 40. Bxf7+ Kxf7 41. Rxc6 Ra5 42. Rc7+ Ke8 43. Kf1 Kd8 44. Rc6 Ke8 45. Ke2 Nd7 46. Nxd7 Kxd7 47. Rc4 Ra7 48. Kd3 Rb7 49. Kc2 h6 50. a5 Rb5 51. Ra4 Kc7 52. Kc3 Kb7 53. Rb4 1-0

[Event "ENG-ch Chessable"]
[Site "Kenilworth"]
[Date "2022.05.20"]
[Round "3"]
[White "Larkin, Ben L"]
[Black "Zheng, Harry Z"]
[Result "0-1"]
[WhiteElo "1853"]
[BlackElo "1915"]
[PlyCount "66"]
[EventDate "2022.05.19"]
[EventType "swiss"]
[EventRounds "7"]
[EventCountry "ENG"]
[SourceTitle "CBM 208 Extra"]
[Source "ChessBase"]
[SourceDate "2022.07.31"]
[SourceVersion "1"]
[SourceVersionDate "2022.07.31"]
[SourceQuality "1"]

1. Nf3 Nf6 2. c4 e6 3. g3 d5 4. Bg2 Be7 5. 0-0 0-0 6. d4 dxc4 7. a4 c5 8. dxc5 Qxd1 9. Rxd1 Bxc5 10. Ne5 Na6 11. Na3 Nb4 12. Naxc4 Nfd5 13. b3 Nc2 14. Ra2 Nd4 15. e3 Nxb3 16. Ba3 Nc3 17. Rb2 Nxd1 18. Rxb3 Bxa3 19. Rxa3 Rd8 20. Bf3 Rb8 21. Nd3 b5 22. axb5 Rxb5 23. Bxd1 Rb1 24. Ncb2 Bb7 25. Kf1 e5 26. Ke2 e4 27. Bc2 exd3+ 28. Nxd3 Rb6 29. Rxa7 Ba6 30. e4 g6 31. Rc7 Rb2 32. Ke3 Bxd3 33. Bxd3 Rb3 0-1

[Event "Reykjavik Kvika op"]
[Site "Reykjavik"]
[Date "2022.04.09"]
[Round "5"]
[White "Solnicki, Michal"]
[Black "Larkin, Ben L"]
[Result "1-0"]
[WhiteElo "2182"]
[BlackElo "1857"]
[PlyCount "33"]
[EventDate "2022.04.06"]
[EventType "swiss"]
[EventRounds "9"]
[EventCountry "ISL"]
[SourceTitle "CBM 207 Extra"]
[Source "ChessBase"]
[SourceDate "2022.05.31"]
[SourceVersion "1"]
[SourceVersionDate "2022.05.31"]
[SourceQuality "1"]

1. d4 Nf6 2. Nf3 g6 3. g3 Bg7 4. Bg2 0-0 5. 0-0 d5 6. Nbd2 c5 7. c3 Nc6 8. dxc5 e5 9. b4 e4 10. Nd4 Ne5 11. N2b3 Nc4 12. a4 Nd7 13. f4 exf3 14. exf3 Re8 15. Re1 Nde5 16. Ra2 Bd7 17. h3 1-0

[Event "Newcastle Northumbria Masters"]
[Site "Newcastle on Tyne"]
[Date "2021.08.26"]
[Round "1"]
[White "Smith, Andrew Philip"]
[Black "Larkin, Ben L"]
[Result "1-0"]
[WhiteElo "2144"]
[BlackElo "1753"]
[PlyCount "57"]
[EventDate "2021.08.26"]
[EventType "swiss"]
[EventRounds "9"]
[EventCountry "ENG"]
[SourceTitle "CBM 204 Extra"]
[Source "ChessBase"]
[SourceDate "2021.11.30"]
[SourceVersion "1"]
[SourceVersionDate "2021.11.30"]
[SourceQuality "1"]

1. e4 c6 2. d4 d5 3. e5 Bf5 4. c4 e6 5. Nc3 Bb4 6. a3 Bxc3+ 7. bxc3 Ne7 8. c5 b6 9. cxb6 Qxb6 10. Ne2 h6 11. Ng3 Bh7 12. Bd3 Bxd3 13. Qxd3 0-0 14. 0-0 Qa6 15. Qf3 Nd7 16. Re1 c5 17. Qg4 f5 18. exf6 Rxf6 19. dxc5 Nxc5 20. Be3 Nd3 21. Qe2 Qc4 22. Red1 Ne5 23. Qh5 Nf5 24. Bd4 Nxd4 25. Qxe5 Nc2 26. Rac1 Nxa3 27. Rd4 Qc6 28. Rg4 Qe8 29. Qxf6 1-0

[Event "BCF-chT4S 1920 (4NCL)"]
[Site "England"]
[Date "2020.01.12"]
[Round "4.54"]
[White "Larkin, Ben L"]
[Black "Perrett, David C"]
[Result "0-1"]
[WhiteElo "1757"]
[BlackElo "1943"]
[PlyCount "70"]
[EventDate "2019.11.09"]
[EventType "team-swiss"]
[EventRounds "11"]
[EventCountry "ENG"]
[SourceTitle "EXT 2022"]
[Source "ChessBase"]
[SourceDate "2021.10.06"]
[SourceVersion "1"]
[SourceVersionDate "2021.10.06"]
[SourceQuality "1"]
[WhiteTeam "Warwicks Select II"]
[BlackTeam "The Full Ponty"]
[WhiteTeamCountry "ENG"]
[BlackTeamCountry "WLS"]

1. Nf3 f5 2. d4 Nf6 3. Bg5 Ne4 4. Bf4 d6 5. e3 g6 6. Nbd2 Nf6 7. h3 c6 8. Bd3 Bg7 9. 0-0 0-0 10. c4 Nh5 11. Bh2 e5 12. dxe5 dxe5 13. Be2 Qe7 14. Qc2 c5 15. Ne1 Nc6 16. Bxh5 gxh5 17. Rd1 Be6 18. Nd3 f4 19. Rfe1 f3 20. gxf3 Bxh3 21. Kh1 Bf5 22. Ne4 b6 23. Rg1 Bg6 24. Qe2 Qh4 25. Ng3 Qxc4 26. b3 Qh4 27. f4 Rad8 28. Rd2 e4 29. Nb2 Rxd2 30. Qxd2 Rd8 31. Qc1 Qg4 32. Nc4 Qf3+ 33. Rg2 h4 34. Nd2 Rxd2 35. Qxd2 h3 0-1